Assignment And Thesis Writing (Record no. 14526)

MARC details
000 -LEADER
fixed length control field 00432nam a2200169Ia 4500
008 - FIXED-LENGTH DATA ELEMENTS--GENERAL INFORMATION
fixed length control field 220803s9999 xx 000 0 und d
020 ## - INTERNATIONAL STANDARD BOOK NUMBER
International Standard Book Number 978-0-70217-748-4
041 ## - LANGUAGE CODE
Language code of text/sound track or separate title eng
082 ## - DEWEY DECIMAL CLASSIFICATION NUMBER
Classification number 720.22 AND/POO
100 ## - MAIN ENTRY--PERSONAL NAME
Personal name Anderson J
9 (RLIN) 22348
245 ## - TITLE STATEMENT
Title Assignment And Thesis Writing
260 ## - PUBLICATION, DISTRIBUTION, ETC. (IMPRINT)
Place of publication, distribution, etc. Cape Town
Name of publisher, distributor, etc. Juta And Co.
Date of publication, distribution, etc. 2009
300 ## - PHYSICAL DESCRIPTION
Extent 174p
500 ## - GENERAL NOTE
Keywords Architecture
650 ## - SUBJECT ADDED ENTRY--TOPICAL TERM
Topical term or geographic name as entry element Research
9 (RLIN) 22349
700 ## - ADDED ENTRY--PERSONAL NAME
Personal name Poole M
9 (RLIN) 22350
Holdings
Withdrawn status Lost status Damaged status Not for loan Collection code Home library Current library Shelving location Date acquired Vendor Cost, normal purchase price Total Checkouts Full call number Barcode Date last seen Cost, replacement price Bill Date Koha item type Original Barcode
        Book of B Arch Dr. Bhanuben Nanavati College of Architecture Dr. Bhanuben Nanavati College of Architecture   29/04/2011 Samutkarsh 1650.00   720.7 AND/POO BNCA-BK-7455 03/08/2022 1650.00 27/04/2011 Books B007455